<?xml version="1.0" encoding="UTF-8"?>
<record
    xmlns:xsi="http://www.w3.org/2001/XMLSchema-instance"
    xsi:schemaLocation="http://www.loc.gov/MARC21/slim http://www.loc.gov/standards/marcxml/schema/MARC21slim.xsd"
    xmlns="http://www.loc.gov/MARC21/slim">

  <leader>00579nam a2200169Ia 4500</leader>
  <controlfield tag="003">OSt</controlfield>
  <controlfield tag="005">20250806100854.0</controlfield>
  <controlfield tag="008">250729s2022    xx            000 0 und d</controlfield>
  <datafield tag="040" ind1=" " ind2=" ">
    <subfield code="c">AL</subfield>
  </datafield>
  <datafield tag="041" ind1=" " ind2=" ">
    <subfield code="a">Kannada</subfield>
  </datafield>
  <datafield tag="082" ind1=" " ind2=" ">
    <subfield code="a">372.25 RAJV</subfield>
  </datafield>
  <datafield tag="100" ind1=" " ind2=" ">
    <subfield code="a">Rajesh E Beller</subfield>
    <subfield code="9">233270</subfield>
    <subfield code="d">&#xCB0;&#xCBE;&#xC9C;&#xCC7;&#xCB6;&#xCCD; &#xC87; &#xCAC;&#xCC6;&#xCB2;&#xCCD;&#xCB2;&#xCB0;&#xCCD;</subfield>
  </datafield>
  <datafield tag="245" ind1=" " ind2=" ">
    <subfield code="a">Vishayadaritha kannada bhasha bodhana shastra</subfield>
    <subfield code="b">&#xCB5;&#xCBF;&#xCB7;&#xCAF;&#xCBE;&#xCA7;&#xCBE;&#xCB0;&#xCBF;&#xCA4; &#xC95;&#xCA8;&#xCCD;&#xCA8;&#xCA1; &#xCAD;&#xCBE;&#xCB7;&#xCBE; &#xCAC;&#xCCB;&#xCA7;&#xCA8;&#xCBE; &#xCB6;&#xCBE;&#xCB8;&#xCCD;&#xCA4;&#xCCD;&#xCB0; </subfield>
  </datafield>
  <datafield tag="260" ind1=" " ind2=" ">
    <subfield code="a">Mysore</subfield>
    <subfield code="b">Vismaya Prakashana</subfield>
    <subfield code="c">2022</subfield>
  </datafield>
  <datafield tag="650" ind1=" " ind2=" ">
    <subfield code="a">Kannada</subfield>
    <subfield code="9">233271</subfield>
  </datafield>
  <datafield tag="942" ind1=" " ind2=" ">
    <subfield code="2">ddc</subfield>
    <subfield code="c">BK</subfield>
  </datafield>
  <datafield tag="999" ind1=" " ind2=" ">
    <subfield code="c">240197</subfield>
    <subfield code="d">240197</subfield>
  </datafield>
  <datafield tag="952" ind1=" " ind2=" ">
    <subfield code="0">0</subfield>
    <subfield code="1">0</subfield>
    <subfield code="4">0</subfield>
    <subfield code="7">0</subfield>
    <subfield code="a">AL</subfield>
    <subfield code="b">AL</subfield>
    <subfield code="d">2025-07-29</subfield>
    <subfield code="e">Management Book</subfield>
    <subfield code="l">0</subfield>
    <subfield code="o">372.25 RAJV</subfield>
    <subfield code="p">BED05515</subfield>
    <subfield code="r">2025-07-29 16:58:10</subfield>
    <subfield code="w">2025-07-29</subfield>
    <subfield code="y">BK</subfield>
  </datafield>
  <datafield tag="952" ind1=" " ind2=" ">
    <subfield code="0">0</subfield>
    <subfield code="1">0</subfield>
    <subfield code="4">0</subfield>
    <subfield code="7">0</subfield>
    <subfield code="a">AL</subfield>
    <subfield code="b">AL</subfield>
    <subfield code="d">2025-07-29</subfield>
    <subfield code="e">Management Book</subfield>
    <subfield code="l">0</subfield>
    <subfield code="o">372.25 RAJV</subfield>
    <subfield code="p">BED05516</subfield>
    <subfield code="r">2025-07-29 16:58:10</subfield>
    <subfield code="w">2025-07-29</subfield>
    <subfield code="y">BK</subfield>
  </datafield>
</record>
